000 02659nam0a2200445 4500
001 RU\NLR\BIBL_A\011963899
005 20190401154011.0
010 _a978-5-7777-0750-5
_9500
021 _aRU
_bКН-П-19-011619
_9КН-П-19-0864
035 _a(NLR Aleph) 011963899
035 _a(RuMoRGB)009899234
090 _a11219375
_c11219375
100 _a20190319d2018 k y0rusy50 ca
101 0 _arus
_dspa
_erus
_espa
102 _aRU
105 _aach|z|||000zy
200 1 _aРоссия XX века на страницах испанской прессы и в свидетельствах дипломатов
_dRusia en el siglo XX en las páginas de la prensa española y testimonios de diplomáticos
_f[Гранцева Е.О., Филатов Г.А., Володько А. В., Паисова А.А.
_gответственный редактор: А.О. Чубарьян]
_gАссоциация содействия развитию Академической науки и образования "Институт перспективных исторических исследований", Институт всеобщей истории Российской академии наук
_zspa
210 _aМосква
_cВесь мир
_d2018
215 _a314, [1] с.
_cил., портр., факс.
_d22
225 1 _aНаучный проект Россия в мире
225 1 _aРоссия в мире
300 _aАвт. указаны на обороте тит. л.
300 _aРез. исп.
320 _aБиблиогр.: с. 299-307 и в подстроч. примеч.
510 1 _aRusia en el siglo XX en las páginas de la prensa española y testimonios de diplomáticos
_zspa
607 _aРоссия
_xВзаимоотношения
_yИспания
_z20 в.
_2nlr_sh2
_3RU\NLR\AUTH\6601652789
686 1 _aТ3(2)7-64(4Ис)
686 1 _aТ3(4Ис)6-64(2)
701 1 _aГранцева
_bЕ. О.
_gЕкатерина Олеговна
701 1 _aФилатов
_bГ. А.
_gГеоргий Андреевич
701 1 _aВолодько
_bА. В.
701 1 _aПаисова
_bА. А.
_gАнна Александровна
702 1 _aЧубарьян
_bА. О.
_cд-р ист. наук
_f1931-
_gАлександр Оганович
_3RU\NLR\AUTH\773734
_4340
712 0 2 _aИнститут перспективных исторических исследований
_cМосква
_3RU\NLR\AUTH\880497304
_4570
942 _cBOOK
980 _aNBR
980 _aNB